Olympischer Medaillenspiegel - Atlanta 1996 - Statistiken

Allgemein
  • Dieses Quiz wurde 13 mal gespielt
  • Das Durchschnittsergebnis liegt bei 8 aus 10
Antwortstatistiken
Gold Silber Bronze Gesamt Land % Korrekt
16 22 12 50 China
100%
20 18 27 65 Deutschland
100%
44 32 25 101 Vereinigte Staaten
100%
15 7 15 37 Frankreich
92%
26 21 16 63 Russland
92%
9 9 23 41 Australien
77%
13 10 12 35 Italien
77%
7 15 5 27 Südkorea
69%
9 8 8 25 Kuba
38%
9 2 12 23 Ukraine
31%
Keine übereinstimmenden Quizze gefunden
Verteilung der Resultate
Anzahl Personen mit jedem Resultat
Perzentil nach korrekt beantworteten Fragen
Ihre Resultats-Entwicklung
Sie haben dieses Quiz noch nicht gespielt